Dear Arkansas Daughter - Lady Lamb (all lyrics) - Statistics

General Stats
  • This quiz has been taken 6 times
  • The average score is 214 of 264
Answer Stats
Answer % Correct
a
100%
all
100%
always
100%
And
100%
and
100%
anyway
100%
Arkansas
100%
As
100%
as
100%
at
100%
back
100%
bares
100%
can
100%
cigarette,
100%
curls,
100%
dark
100%
daughter
100%
day
100%
Dear
100%
dies
100%
every
100%
eye
100%
eyes
100%
For
100%
for
100%
hair
100%
He
100%
he
100%
hear
100%
"I
100%
I
100%
in
100%
it
100%
left
100%
love
100%
love,
100%
me"
100%
my
100%
My
100%
nothing
100%
on
100%
out
100%
say
100%
sea
100%
sing,
100%
sing
100%
single
100%
smile
100%
song
100%
speak
100%
stranger
100%
street
100%
surely
100%
swim
100%
Take
100%
talking
100%
teeth
100%
the
100%
Tie
100%
to
100%
To
100%
wanna
100%
was
100%
water
100%
watercolor
100%
we
100%
were
100%
While
100%
while
100%
who
100%
with
100%
You
100%
you
100%
your
100%
Your
100%
apple
50%
are
50%
asleep,
50%
awake
50%
been
50%
braids
50%
But
50%
chest
50%
child,
50%
Darling
50%
didn't
50%
dirty
50%
down
50%
dreams,
50%
dying
50%
full
50%
Full
50%
hands,
50%
have
50%
heart
50%
is
50%
kneel
50%
knees
50%
knock
50%
knows
50%
Lord
50%
mine
50%
ocean
50%
of
50%
of,
50%
pistol
50%
red
50%
says,
50%
serious
50%
sharp
50%
shooting
50%
should
50%
snakes
50%
spine
50%
steel
50%
swords
50%
there
50%
tide
50%
true
50%
True
50%
weapons
50%
floor,
0%
Like
0%
like
0%
ripe,
0%
ripe
0%
rise
0%
sink
0%
steadily
0%
there's
0%
will
0%
No matching quizzes found
Score Distribution
Percent of People with Each Score
Percentile by Number Answered
Your Score History
You have not taken this quiz